000 00702nam a22001937a 4500
005 20251108175934.0
008 250721s2023 xx 000 0 ara d
082 1 4 _a158.4/ميل
100 1 _aميللر، سكوت جيفري
245 1 0 _aعقول قيادية بارعة :
_bثلاثون رؤية تحولية من عقول كبار رجال الاعمال وقادة الفكر في عصرنا /
264 1 _aالقاهرة :
_bعصير الكتب للنشر،
_c2023.
300 _a278ص.
650 1 7 _aعلم النفس التطبيقي
650 1 7 _aالقيادة
650 1 7 _aالنجاح
700 1 _aكامل، شاهيناز
_eمترجم
942 _2ddc
_cBK
999 _c145975
_d145975